Geologická mapa Spišsko-gemerského rudohoria

Bibliographic Details
Main Authors: Grecula, Pavol, 1936- (Author), Kobulský, Ján, 1952- (Author), Gazdačko, Ľubomír (Author), Németh, Zoltán, 1962- (Author, Translator), Hraško, Ľubomír (Author), Novotný, Ladislav, 1937- (Author), Maglay, Juraj, 1958- (Author)
Format: Map
Language:Slovak
English
PhysicalDescription:1 mapa na 2 listoch v prebale fareb. 85 x 115 cm (každá), zložené na 24 x 22 cm
Published: Bratislava Ministerstvo životného prostredia Slovenskej republiky Štátny geologický ústav Dionýza Štúra 2009
ISBN:9788089343058
Edition:1. vyd.
Series:Regionálne geologické mapy Slovenska
Subjects:

MARC

LEADER 00000nem a2200000 a 4500
001 vtls010057495
003 SK-MaSNL
005 20260302044523.0
007 aj canzn
008 180730s2009 xo b a 0 r slo
015 |a SNBC2013 
020 |a 9788089343058  |q (zložené) 
034 1 |a a  |b 50000 
040 |a SNK  |b slo  |c SNK  |e AACR2 
041 0 |a slo  |a eng 
043 |a e-xo--- 
044 |a xo  |c SK 
072 7 |a 55  |x Vedy o Zemi. Geologické vedy  |2 konspekt 
072 7 |a 912  |x Mapy. Atlasy  |2 konspekt 
080 |a 551.1/.4  |2 2001 
080 |a 913(437.6)  |2 2001 
080 |a (084.3)55  |2 2001 
245 0 0 |a Geologická mapa Spišsko-gemerského rudohoria  |h kartografický dokument  |c Pavol Grecula et al. ; preklady do angličtiny: Zoltán Németh 
246 1 1 |a Geological map of the Spiš-gemer ore mts. 
250 |a 1. vyd. 
255 |a Mierka 1:50 000 
260 |a Bratislava  |b Ministerstvo životného prostredia Slovenskej republiky  |b Štátny geologický ústav Dionýza Štúra  |c 2009 
300 |a 1 mapa na 2 listoch v prebale  |b fareb.  |c 85 x 115 cm (každá), zložené na 24 x 22 cm 
366 |e 350 výt. 
490 1 |a Regionálne geologické mapy Slovenska 
500 |a Obsahuje vysvetlivky, schémy 
500 |a Na prebale z vnútornej strany stručný prehľad geologickej stavby Gemerika 
546 |a Súbežný text angl. 
650 0 7 |a regionálna geológia  |2 SNKPH  |9 69839 
651 7 |a Spišsko-gemerské rudohorie (Slovensko : pohorie)  |2 SNKPH  |9 17971 
655 7 |a geologické mapy  |2 SNKPH  |9 73908 
655 7 |a skladané mapy  |2 SNKPH  |9 304180 
655 7 |a mapy pre verejnosť  |2 SNKPH  |9 304181 
700 1 |a Grecula, Pavol,  |d 1936-  |4 aut  |9 109098 
700 1 |a Kobulský, Ján,  |d 1952-  |4 aut  |9 241812 
700 1 |a Gazdačko, Ľubomír  |4 aut  |9 10350 
700 1 |a Németh, Zoltán,  |d 1962-  |4 aut  |4 trl  |9 7811 
700 1 |a Hraško, Ľubomír  |4 aut  |9 10868 
700 1 |a Novotný, Ladislav,  |d 1937-  |4 aut  |9 41597 
700 1 |a Maglay, Juraj,  |d 1958-  |4 aut  |9 11613 
830 0 |a Regionálne geologické mapy Slovenska  |9 284234 
919 |a 978-80-89343-05-8 
999 |c 1089986  |d 1091916 
952 |a SNK  |b SNK  |y PREZ  |7 0  |p 17A0643235  |o snkSLCm 2829  |i snk2010/1529  |8 0  |0 0  |1 0  |4 0  |d 2010-01-26  |l 0  |r 2026-02-24 16:54:22  |w 2026-02-24 
952 |a SNK  |b SNK  |y PREZ  |7 0  |p 17A0643236  |o snkSLCm 2829 D1  |i snk2010/1530  |8 0  |0 0  |1 0  |4 0  |d 2010-01-26  |l 0  |r 2026-02-24 16:54:22  |w 2026-02-24